Quiz o South Park - Statystyki

Ogólne statystyki
  • Ten quiz został rozwiązany 80 razy
    79 od ostatniego zresetowania
  • Średni wynik to 11 z 15
Statystyki odpowiedzi
Zagadnienie Odpowiedź % Poprawnych
Który bohaterem ma zasłonięte usta, przez co nie wiadomo co mówi Kenny McCormick
100%
Kto jest Żydem? Kyle Broflovski
100%
Jaką moc ma Kenny McCormick Nieśmiertelność
100%
Nauczyciel z pacynką Pan Garrison
100%
W jakim stanie jest South Park? Kolorado
96%
Która postać nie jest głównym bohaterem? Leopold Stotch
96%
South Park: Kijek Prawdy inspirowany jest Władca Pierścieni
96%
Pilotażowy odcinek Sonda analna Cartmana
85%
Który z tytułów nie jest grą? Imaginationland
78%
Data premiery 13 sierpnia 1997
59%
Ile jest sezonów? 26
52%
Ile powstało filmów pełnometrażowych 1
44%
Z jakiego stanu pochodzi Butters Hawaje
41%
Akwen wodny w okolicy South Park Staw Starka
41%
Kto jest ojcem Erica Cartmana? Liane Cartman
37%
Nie znaleziono quizów pasujących do podanych kryteriów
Rozkład punktacji
Procent ludzi z każdym wynikiem
Percentyl według liczby udzielonych odpowiedzi
Twoja historia wyników
Nie rozwiązałeś tego quizu od ostatniego zresetowania